Pays ayant légalisé le cannabis - Statistiques

Statistiques générales
  • Ce quiz a été pris 106 fois
  • Le résultat moyen est 3 sur 8
Answers on the Grid
Answers color-coded by a green-red scale on the quiz's grid according to % correct below.
Allemagne
Chili
France
Canada
Jamaïque
Suède
Tunisie
Pérou
Uruguay
Thaïlande
Vietnam
Colombie
Comores
Luxembourg
Guam
Iles Marshall
États-Unis
Singapour
 
Statistiques - réponses
Réponse % Correct
Canada
57%
États-Unis
55%
Jamaïque
48%
Allemagne
46%
Luxembourg
18%
Uruguay
16%
Guam
7%
Pérou
7%
Aucun quiz correspondant
Distribution des résultats
% des personnes avec chaque résultat
Percentile par nombre de réponses
Votre historique - résultats
Vous n’avez pas pris ce quiz